[Event "DVM U16 2012"]
[Site "Naumburg (Saale) GER"]
[Date "2012.12.28"]
[Round "4"]
[White "Xu, Xianliang"]
[Black "Carmesin, Matthias"]
[Result "1-0"]
[Termination "normal"]
[Board "1.1"]
[WhiteElo "2055"]
[BlackElo "1979"]
[WhiteTeam "SG Porz"]
[BlackTeam "Stader SV"]
[WhiteFideId "4603230"]
[BlackFideId "4635965"]
[EventCountry "GER"]
[EventRounds "7"]
[EventType "team-swiss"]
[EventDate "2012.12.26"]

1. e4 c5 2. d4 cxd4 3. c3 d5 4. exd5 Qxd5 5. cxd4 Nc6 6. Nf3 e5 7. Nc3 Bb4 8.
Bd2 Bxc3 9. Bxc3 e4 10. Ne5 Nxe5 11. dxe5 Ne7 12. Qe2 O-O 13. Rd1 Qc6 14. Bb4
Re8 15. Bxe7 Rxe7 16. Rd8+ Re8 17. Rxe8+ Qxe8 18. Qxe4 f5 19. Bc4+ Be6 20. Qe2
Bxc4 21. Qxc4+ Kh8 22. Qe2 Qe6 23. O-O f4 24. Re1 Rf8 25. Qe4 b6 26. Qb4 Kg8
27. b3 a5 28. Qe4 g5 29. Rc1 Rf7 30. Rc6 Qf5 31. Qxf5 Rxf5 32. Rxb6 Rxe5 33.
Kf1 Rc5 34. a4 Rc1+ 35. Ke2 Rc2+ 36. Kf3 h5 37. Rg6+ Kf7 38. Rxg5 Rc3+ 39. Kxf4
Rxb3 40. Rxa5 Rb2 41. Kg3 h4+ 42. Kxh4 Rxf2 43. Kg3 1-0

[Event "DVM U16 2012"]
[Site "Naumburg (Saale) GER"]
[Date "2012.12.28"]
[Round "4"]
[White "Vöge, Tobias"]
[Black "Eigemann, Frederik"]
[Result "1/2-1/2"]
[Termination "normal"]
[Board "1.2"]
[WhiteElo "1846"]
[BlackElo "2011"]
[WhiteTeam "Stader SV"]
[BlackTeam "SG Porz"]
[WhiteFideId "1270513"]
[BlackFideId "24692034"]
[EventCountry "GER"]
[EventRounds "7"]
[EventType "team-swiss"]
[EventDate "2012.12.26"]

1. d4 d5 2. c4 c6 3. Nc3 dxc4 4. Nf3 e6 5. a4 Nf6 6. Bg5 Bb4 7. Qc2 h6 8. Bh4
Nbd7 9. e3 b5 10. Be2 Bb7 11. O-O a6 12. b3 cxb3 13. Qxb3 Be7 14. Nd2 O-O 15.
Bf3 Qb6 16. Rfc1 Rfc8 17. Qb2 Kf8 18. Nde4 b4 19. Nxf6 gxf6 20. a5 bxc3 21.
Qxb6 Nxb6 22. axb6 Bb4 23. Bxf6 a5 24. Ra4 Ra6 25. Be2 Rxb6 26. f3 Ba6 27. Bxa6
Rxa6 28. Be5 Ke7 29. Kf2 c5 30. dxc5 Rxc5 31. Bf4 h5 32. e4 Rc4 33. Ke2 c2 34.
Ra2 Rac6 35. Be5 f6 36. Ba1 R4c5 37. Bd4 Rc4 38. Kd3 Kf7 39. h3 Kg6 40. g3 Rc8
41. f4 1/2-1/2

[Event "DVM U16 2012"]
[Site "Naumburg (Saale) GER"]
[Date "2012.12.28"]
[Round "4"]
[White "Padva, Leo"]
[Black "Vogt, Marc Jonas"]
[Result "0-1"]
[Termination "normal"]
[Board "1.3"]
[WhiteElo "1750"]
[BlackElo "1856"]
[WhiteTeam "SG Porz"]
[BlackTeam "Stader SV"]
[WhiteFideId "12964379"]
[BlackFideId "24695661"]
[EventCountry "GER"]
[EventRounds "7"]
[EventType "team-swiss"]
[EventDate "2012.12.26"]

1. c4 e6 2. g3 Nf6 3. Nc3 d5 4. d4 c5 5. cxd5 exd5 6. Nf3 Nc6 7. Bg2 Be7 8. O-O
O-O 9. Re1 Bg4 10. Ne5 cxd4 11. Nxg4 dxc3 12. Nxf6+ Bxf6 13. Rb1 Qa5 14. bxc3
Bxc3 15. Rf1 Qxa2 16. Rxb7 Nd4 17. Qd3 Nxe2+ 18. Kh1 Nxc1 19. Rxc1 d4 20. Be4
g6 21. Rb5 Rab8 22. Rcb1 Rxb5 23. Rxb5 Qxf2 24. Rb7 a5 25. Rb6 Re8 26. Rb1 Qe3
27. Qxe3 dxe3 28. Bd3 e2 29. Bxe2 Rxe2 30. Rb8+ Kg7 31. h4 Be5 32. Rb5 Bxg3 33.
Rxa5 Bxh4 34. Ra4 Bf6 35. Kg1 h5 36. Kh1 h4 37. Kg1 h3 38. Ra7 Bd4+ 39. Kh1
Re1+ 40. Kh2 Bxa7 41. Kg3 Re3+ 42. Kh2 Bb8+ 43. Kg1 h2+ 44. Kf2 Rh3 45. Ke2
h1=Q 46. Kd2 Qg2+ 47. Ke1 Rh1# 0-1

[Event "DVM U16 2012"]
[Site "Naumburg (Saale) GER"]
[Date "2012.12.28"]
[Round "4"]
[White "Dittmann, Tobias"]
[Black "Spindler, Florian"]
[Result "0-1"]
[Termination "normal"]
[Board "1.4"]
[WhiteElo "1583"]
[BlackElo "1616"]
[WhiteTeam "Stader SV"]
[BlackTeam "SG Porz"]
[WhiteFideId "12964360"]
[BlackFideId "12964387"]
[EventCountry "GER"]
[EventRounds "7"]
[EventType "team-swiss"]
[EventDate "2012.12.26"]

1. e4 c5 2. Nf3 e6 3. b3 Nc6 4. c4 d6 5. Bb2 Nf6 6. Nc3 Be7 7. d4 cxd4 8. Nxd4
O-O 9. Be2 d5 10. exd5 exd5 11. O-O Nxd4 12. Qxd4 dxc4 13. Qxd8 Rxd8 14. Bxc4
Bg4 15. f3 Bf5 16. Ne2 Rd2 17. Bc3 Rd7 18. Ng3 Bd3 19. Bxd3 Rxd3 20. Be5 g6 21.
Bf4 Rad8 22. Rfe1 Bc5+ 23. Kh1 Bf2 24. Rf1 Be3 25. Bxe3 Rxe3 26. Rf2 Kf8 27.
Kg1 Red3 28. Re2 Nd5 29. Rc2 Ke7 30. Re1+ Kd7 31. Ne4 b6 32. Ree2 f5 33. Red2
fxe4 34. fxe4 Nb4 35. Rxd3+ Nxd3 36. Rd2 Ke7 37. Kf1 Nc5 38. Re2 Rd4 39. Kf2
Rxe4 0-1

[Event "DVM U16 2012"]
[Site "Naumburg (Saale) GER"]
[Date "2012.12.28"]
[Round "4"]
[White "Tibke, Jonas"]
[Black "Oehne, Timo"]
[Result "1/2-1/2"]
[Termination "normal"]
[Board "2.2"]
[WhiteElo "1945"]
[BlackElo "1934"]
[WhiteTeam "SV Schachforum Darmstadt 1994"]
[BlackTeam "SV Lingen"]
[WhiteFideId "12928356"]
[BlackFideId "24661635"]
[EventCountry "GER"]
[EventRounds "7"]
[EventType "team-swiss"]
[EventDate "2012.12.26"]

1. e4 c6 2. d4 d5 3. exd5 cxd5 4. c4 Nf6 5. Nc3 e6 6. Bg5 Bb4 7. a3 Bxc3+ 8.
bxc3 O-O 9. cxd5 exd5 10. Bd3 h6 11. Bh4 Nbd7 12. Ne2 Qa5 13. Qc2 b6 14. O-O
Ba6 15. Bxf6 Nxf6 16. Bxa6 Qxa6 17. a4 Rac8 18. Rfe1 Rc4 19. f3 Re8 20. Kf2 Qc8
21. Qd3 Qc6 22. a5 bxa5 23. Rxa5 Qc7 24. Rea1 Qxh2 25. Rxa7 Qh4+ 26. Kf1 Qh1+
27. Kf2 Qh4+ 28. Kf1 Rc6 29. R1a6 Rxa6 30. Qxa6 Qh1+ 31. Kf2 Qh4+ 1/2-1/2

[Event "DVM U16 2012"]
[Site "Naumburg (Saale) GER"]
[Date "2012.12.28"]
[Round "4"]
[White "Bach, Jannik"]
[Black "Nothnagel, Marian Can"]
[Result "0-1"]
[Termination "normal"]
[Board "2.3"]
[WhiteElo "1877"]
[BlackElo "1754"]
[WhiteTeam "SV Lingen"]
[BlackTeam "SV Schachforum Darmstadt 1994"]
[WhiteFideId "24615900"]
[BlackFideId "12921530"]
[EventCountry "GER"]
[EventRounds "7"]
[EventType "team-swiss"]
[EventDate "2012.12.26"]

1. e4 e5 2. Nf3 d6 3. d4 exd4 4. Nxd4 Nf6 5. Nc3 Be7 6. Be2 O-O 7. O-O Re8 8.
f4 Bf8 9. Bf3 Nbd7 10. b3 Nc5 11. Re1 c6 12. Bb2 g6 13. Qd2 Bg7 14. Rad1 Bg4
15. Kh1 Bxf3 16. gxf3 Nh5 17. Nde2 Qh4 18. Rg1 Ne6 19. Rg4 Qf2 20. Ng1 Qxd2 21.
Rxd2 Nhxf4 22. Nge2 Nxe2 23. Rxe2 Nd4 24. Rf2 b5 25. Rg1 Rad8 26. Rd1 Ne6 27.
Rfd2 Be5 28. Ba1 Bf4 29. Rg2 Be5 30. Rgd2 Ng5 31. Rf1 b4 32. Na4 Bxa1 33. Rxa1
Nxf3 34. Rd3 Ng5 35. Kg2 Rxe4 36. Rd2 f5 37. Rad1 Rg4+ 38. Kh1 Ne4 39. Rg2 Rxg2
40. Kxg2 Kf7 41. Nb2 Ke6 42. Nd3 a5 43. Nf4+ Kf6 44. h4 h6 45. Kf3 g5 46. hxg5+
hxg5 47. Nd3 Rh8 48. Kg2 Rh4 49. a3 Rg4+ 50. Kf1 c5 51. axb4 axb4 52. Ra1 Ke6
53. Ra6 Kd5 54. Ra8 Kd4 55. Rf8 Kc3 56. Ne1 Rf4+ 57. Ke2 Rf2+ 58. Ke3 d5 0-1

[Event "DVM U16 2012"]
[Site "Naumburg (Saale) GER"]
[Date "2012.12.28"]
[Round "4"]
[White "Wiewesiek, Timo"]
[Black "Vonhoff, Nils"]
[Result "0-1"]
[Termination "normal"]
[Board "2.4"]
[WhiteElo "1707"]
[BlackElo "1786"]
[WhiteTeam "SV Schachforum Darmstadt 1994"]
[BlackTeam "SV Lingen"]
[WhiteFideId "12920193"]
[BlackFideId "24692301"]
[EventCountry "GER"]
[EventRounds "7"]
[EventType "team-swiss"]
[EventDate "2012.12.26"]

1. e4 c5 2. Nc3 Nc6 3. Bb5 g6 4. Bxc6 bxc6 5. f4 Bg7 6. Nf3 Nh6 7. O-O O-O 8.
d3 Rb8 9. Qe1 d6 10. Rb1 Qc7 11. Bd2 f6 12. Qg3 Nf7 13. h4 Qd7 14. Nh2 f5 15.
h5 gxh5 16. Qh4 Nh6 17. Qxh5 Qe6 18. b3 Bd7 19. Nf3 Be8 20. Qh3 Ng4 21. Ng5 Qg6
22. Ne2 Bd7 23. Qg3 h6 24. exf5 Bxf5 25. Nf3 Bc8 26. Bc3 Rf7 27. Rbe1 Qh5 28.
Nh2 Kh7 29. Rf3 Bf5 30. Ref1 Rg8 31. Qh3 Qg6 32. Rg3 Qe6 33. Qh5 Nxh2 34. Kxh2
Bxc3 35. Rxg8 Kxg8 36. Nxc3 d5 37. Rf3 Rg7 38. Rf1 Kh7 39. Ne2 Bg4 40. f5 Qxe2
0-1

[Event "DVM U16 2012"]
[Site "Naumburg (Saale) GER"]
[Date "2012.12.28"]
[Round "4"]
[White "Glatzel, Jonas"]
[Black "Riehle, Marco"]
[Result "1/2-1/2"]
[Termination "normal"]
[Board "3.1"]
[WhiteElo "1909"]
[BlackElo "1849"]
[WhiteTeam "Königsspringer Iserlohn 1934"]
[BlackTeam "SF Sasbach"]
[WhiteFideId "12937800"]
[BlackFideId "12904392"]
[EventCountry "GER"]
[EventRounds "7"]
[EventType "team-swiss"]
[EventDate "2012.12.26"]

1. e4 e5 2. Nf3 Nf6 3. Nxe5 Nxe4 4. Qe2 Qe7 5. Qxe4 d6 6. d4 dxe5 7. dxe5 Nc6
8. Nc3 Qxe5 9. Qxe5+ Nxe5 10. Bf4 Bd6 11. Bg3 O-O 12. O-O-O Be6 13. Nb5 Rfd8
14. Nxd6 cxd6 15. Bd3 Rac8 16. Kb1 Nxd3 17. Rxd3 d5 18. Be5 f6 19. Bd4 Bf5 20.
Rd2 a6 21. Rhd1 Kf7 22. f3 h5 23. Re1 Re8 24. Rxe8 Rxe8 25. Bf2 a5 26. Kc1 Rd8
27. Kd1 b5 28. Rd4 Ke6 29. a4 Rc8 30. c3 Rc4 1/2-1/2

[Event "DVM U16 2012"]
[Site "Naumburg (Saale) GER"]
[Date "2012.12.28"]
[Round "4"]
[White "Bohnert, Dominik"]
[Black "Dröttboom, Tobias"]
[Result "1/2-1/2"]
[Termination "normal"]
[Board "3.2"]
[WhiteElo "1956"]
[BlackElo "1682"]
[WhiteTeam "SF Sasbach"]
[BlackTeam "Königsspringer Iserlohn 1934"]
[WhiteFideId "12918075"]
[BlackFideId "12946133"]
[EventCountry "GER"]
[EventRounds "7"]
[EventType "team-swiss"]
[EventDate "2012.12.26"]

1. e4 e6 2. d4 d5 3. Nd2 Nf6 4. Bd3 c5 5. e5 Nfd7 6. c3 Nc6 7. Ngf3 Be7 8. Bb1
a5 9. O-O O-O 10. Re1 a4 11. Nf1 b5 12. g3 b4 13. dxc5 bxc3 14. Qc2 g6 15. Qxc3
Bxc5 16. Be3 Ra5 17. Bxc5 Rxc5 18. Qe3 Kg7 19. h4 d4 20. Qf4 Nb6 21. h5 Nd5 22.
Qg4 f5 23. Qh3 Nb6 24. N1d2 1/2-1/2

[Event "DVM U16 2012"]
[Site "Naumburg (Saale) GER"]
[Date "2012.12.28"]
[Round "4"]
[White "von Bargen, Lukas"]
[Black "Ehmann, Thilo"]
[Result "1-0"]
[Termination "normal"]
[Board "3.3"]
[WhiteElo "1661"]
[BlackElo "1900"]
[WhiteTeam "Königsspringer Iserlohn 1934"]
[BlackTeam "SF Sasbach"]
[WhiteFideId "12946141"]
[BlackFideId "12940968"]
[EventCountry "GER"]
[EventRounds "7"]
[EventType "team-swiss"]
[EventDate "2012.12.26"]

1. d4 d5 2. c4 e6 3. Nf3 Nf6 4. g3 Be7 5. Bg2 O-O 6. O-O c6 7. Nbd2 Bd6 8. Qc2
b6 9. Re1 Bb7 10. e4 dxe4 11. Nxe4 Nxe4 12. Qxe4 Nd7 13. Qc2 Nf6 14. Ne5 Qc7
15. Bg5 Ne8 16. Bf4 g5 17. Bxg5 f6 18. Bh6 fxe5 19. Bxf8 Bxf8 20. dxe5 Rd8 21.
Rad1 Rxd1 22. Rxd1 Ng7 23. Be4 Nh5 24. Bxh7+ Qxh7 25. Qxh7+ Kxh7 26. Rd7+ Kg6
27. Rxb7 Bc5 28. Rxa7 Kf5 29. Rh7 Kg6 30. Rc7 Kf5 31. Rxc6 Bd4 32. Kg2 Kxe5 33.
f4+ Kf5 34. Kf3 Nf6 35. h3 Nd7 36. g4+ Kf6 37. Rd6 1-0

[Event "DVM U16 2012"]
[Site "Naumburg (Saale) GER"]
[Date "2012.12.28"]
[Round "4"]
[White "Gubela, Hans-Erich Constantin"]
[Black "Nissen, Arne"]
[Result "1-0"]
[Termination "normal"]
[Board "3.4"]
[WhiteElo "1789"]
[BlackElo "1082"]
[WhiteTeam "SF Sasbach"]
[BlackTeam "Königsspringer Iserlohn 1934"]
[WhiteFideId "24692140"]
[BlackFideId "12964417"]
[EventCountry "GER"]
[EventRounds "7"]
[EventType "team-swiss"]
[EventDate "2012.12.26"]

1. b3 c5 2. Bb2 Nc6 3. Nf3 Nf6 4. e3 d6 5. Be2 e6 6. O-O Be7 7. c4 O-O 8. d4
cxd4 9. Nxd4 Qd7 10. Nd2 a6 11. Rc1 Nb4 12. a3 Nc6 13. Qc2 Qc7 14. N4f3 Ne5 15.
Nxe5 dxe5 16. Nf3 e4 17. Nd2 Qc6 18. Bxf6 Bxf6 19. Nxe4 Be7 20. Bf3 Qc7 21. b4
a5 22. c5 axb4 23. axb4 Bd7 24. Qc4 Ra7 25. b5 Ra5 26. c6 bxc6 27. bxc6 Bc8 28.
Rfd1 Ba6 29. Qc3 Rd8 30. h3 Rxd1+ 31. Rxd1 Bc8 32. Rb1 Bf6 33. Nxf6+ gxf6 34.
Qxf6 Ba6 35. Ra1 1-0

[Event "DVM U16 2012"]
[Site "Naumburg (Saale) GER"]
[Date "2012.12.28"]
[Round "4"]
[White "Hobusch, Jan"]
[Black "Oshionwu, Nelo"]
[Result "1-0"]
[Termination "normal"]
[Board "4.1"]
[WhiteElo "2060"]
[BlackElo "1887"]
[WhiteTeam "SG Solingen"]
[BlackTeam "KSV Rochade Göttingen"]
[WhiteFideId "12907634"]
[BlackFideId "12913405"]
[EventCountry "GER"]
[EventRounds "7"]
[EventType "team-swiss"]
[EventDate "2012.12.26"]

1. d4 Nf6 2. Bf4 g6 3. e3 Bg7 4. Nf3 O-O 5. Be2 c5 6. c3 b6 7. O-O Bb7 8. h3 d6
9. Nbd2 Nbd7 10. a4 a6 11. Qb1 e5 12. Bh2 e4 13. Ne1 d5 14. Nc2 a5 15. Na3 Ba6
16. Bxa6 Rxa6 17. Nb5 Ne8 18. Qa2 Qa8 19. c4 cxd4 20. exd4 Bh6 21. Rad1 e3 22.
fxe3 Bxe3+ 23. Kh1 Ndf6 24. Be5 Qc6 25. cxd5 Nxd5 26. Qc4 Qa8 27. Rf3 Bh6 28.
Ne4 Ne3 29. Rxe3 Bxe3 30. d5 Qb7 31. d6 Ra8 32. d7 Rd8 33. Rd3 Rxd7 34. Rxe3
Re7 35. Bc3 h6 36. Qe2 Re6 37. Nf2 Ng7 38. Rxe6 fxe6 39. Ng4 h5 40. Nf6+ Kh8
41. Qd2 Nf5 42. Nd7+ Kg8 43. Nxf8 Ng3+ 44. Kg1 Qe4 45. Nd7 Qb1+ 46. Qe1 Ne2+
47. Kf2 Nxc3 48. Qxb1 Nxb1 49. Ke2 Kf7 50. Nxb6 Kf6 51. Nc4 Kg5 52. Nxa5 Kh4
53. Nc4 Kg3 54. Ne3 g5 55. a5 g4 56. hxg4 h4 57. a6 h3 58. gxh3 e5 59. a7 e4
60. a8=Q Kh2 61. Qxe4 Nc3+ 1-0

[Event "DVM U16 2012"]
[Site "Naumburg (Saale) GER"]
[Date "2012.12.28"]
[Round "4"]
[White "Rosin, Julius"]
[Black "Zolfagharian, Kevin"]
[Result "1/2-1/2"]
[Termination "normal"]
[Board "4.2"]
[WhiteElo "1840"]
[BlackElo "1981"]
[WhiteTeam "KSV Rochade Göttingen"]
[BlackTeam "SG Solingen"]
[WhiteFideId "12909610"]
[BlackFideId "12933570"]
[EventCountry "GER"]
[EventRounds "7"]
[EventType "team-swiss"]
[EventDate "2012.12.26"]

1. e4 c5 2. Nc3 Nc6 3. d3 e6 4. f4 g6 5. Nf3 Bg7 6. Be3 b6 7. Qd2 Nge7 8. O-O-O
d5 9. d4 c4 10. e5 a6 11. g4 b5 12. Ne2 b4 13. b3 c3 14. Qe1 a5 15. Kb1 a4 16.
Nc1 axb3 17. cxb3 Qc7 18. Bd3 Ba6 19. Qe2 Bxd3+ 20. Qxd3 Qa5 21. Nh4 Qa3 22.
Qc2 Na5 23. f5 exf5 24. gxf5 Nc4 25. bxc4 dxc4 26. f6 Nd5 27. fxg7 Rg8 28. Bg5
b3 29. Nxb3 Rb8 30. Bc1 Qa4 31. Qe4 cxb3 32. a3 b2 33. Bd2 Qxa3 34. Qxd5 c2+
35. Kxc2 Rc8+ 36. Qc5 Rxc5+ 37. dxc5 Qa4+ 38. Kxb2 Qxh4 39. Rhg1 Qxh2 40. Kb1
f5 41. exf6 Kf7 42. Bc3 Rb8+ 43. Kc1 Qf4+ 44. Rd2 Qf5 45. Rc2 Qxc5 46. Rd1 Qg5+
47. Rcd2 Rc8 48. Kc2 Qxf6 49. Rd7+ Kg8 50. R1d3 Qf2+ 51. Rd2 Qf5+ 52. R2d3 g5
53. Kd2 Re8 54. Rd8 Qg6 55. Rxe8+ Qxe8 56. Bf6 g4 57. Rd8 Qxd8+ 58. Bxd8 Kxg7
59. Ke3 h5 1/2-1/2

[Event "DVM U16 2012"]
[Site "Naumburg (Saale) GER"]
[Date "2012.12.28"]
[Round "4"]
[White "Reksten, Daniel"]
[Black "Drehwald, Manuel"]
[Result "1/2-1/2"]
[Termination "normal"]
[Board "4.3"]
[WhiteElo "1903"]
[BlackElo "1799"]
[WhiteTeam "SG Solingen"]
[BlackTeam "KSV Rochade Göttingen"]
[WhiteFideId "24692590"]
[BlackFideId "12934330"]
[EventCountry "GER"]
[EventRounds "7"]
[EventType "team-swiss"]
[EventDate "2012.12.26"]

1. d4 d5 2. c4 c6 3. e3 Bf5 4. Nc3 Nf6 5. Qb3 Qb6 6. c5 Qxb3 7. axb3 Nbd7 8. b4
e6 9. b5 Be7 10. bxc6 bxc6 11. b4 O-O 12. b5 Rfc8 13. Nf3 Ne4 14. Nxe4 Bxe4 15.
Bd2 Bd8 16. bxc6 Rxc6 17. Bb5 Rc7 18. Ke2 Nb8 19. Bd3 Bxd3+ 20. Kxd3 Nc6 21.
Rhb1 Rcc8 22. Rb7 Rc7 23. Rxc7 Bxc7 24. Ra6 Nb8 25. Ra3 Nc6 26. Kc2 f6 27. Rb3
Rb8 28. Rxb8+ Bxb8 29. Kb3 a6 30. g3 Kf7 31. Ne1 Ke7 32. Nc2 Bc7 33. Ka4 Kd7
34. Bc3 f5 35. Nb4 Nb8 36. Nd3 Nc6 37. f4 g6 38. Nc1 Kc8 39. Nb3 Bd8 40. h3 h5
41. h4 Bf6 42. Ba5 Bg7 43. Nd2 Bh8 44. Nf3 Bf6 45. Ne1 Be7 46. Nd3 Bf6 47. Nb4
Nxb4 48. Bxb4 Kb7 49. Ka5 Bd8+ 50. Ka4 Bf6 51. Bc3 Be7 1/2-1/2

[Event "DVM U16 2012"]
[Site "Naumburg (Saale) GER"]
[Date "2012.12.28"]
[Round "4"]
[White "Hartogh, Christian"]
[Black "Nguyen, Gia Huy Philipp"]
[Result "1-0"]
[Termination "normal"]
[Board "4.4"]
[WhiteElo "1706"]
[BlackElo "1450"]
[WhiteTeam "KSV Rochade Göttingen"]
[BlackTeam "SG Solingen"]
[WhiteFideId "12949256"]
[BlackFideId "12933597"]
[EventCountry "GER"]
[EventRounds "7"]
[EventType "team-swiss"]
[EventDate "2012.12.26"]

1. e4 c5 2. Nc3 Nc6 3. f4 g6 4. Nf3 Bg7 5. g3 e6 6. Bg2 Nge7 7. O-O d6 8. d3
O-O 9. Bd2 b6 10. g4 f5 11. exf5 exf5 12. g5 Bb7 13. Be3 Qc7 14. Rb1 d5 15. d4
c4 16. Ne5 Nxe5 17. dxe5 Qd7 18. Bd4 Rfe8 19. Qd2 Bc6 20. Rbd1 Rad8 21. Bf3 b5
22. Bc5 Qb7 23. a3 Bf8 24. Bxe7 Qxe7 25. Nxd5 Qc5+ 26. Kh1 Kf7 27. Qg2 Bxd5 28.
Bxd5+ Kg7 29. Bc6 Rxd1 30. Rxd1 Re7 31. Qd5 Qxd5+ 32. Rxd5 a6 33. Bd7 h6 34. e6
hxg5 35. fxg5 Kg8 36. Kg2 Rh7 37. Kg3 Rh5 38. h4 f4+ 39. Kg4 f3 40. Rd4 Bc5 41.
Rf4 Rh7 42. Rxf3 Re7 43. Rf1 Rg7 44. Re1 Kf8 45. Re5 Bd4 46. Rd5 Bxb2 47. a4 b4
48. Rd6 a5 49. Rd5 Bc3 50. Rxa5 b3 51. Ra8+ Ke7 52. cxb3 cxb3 53. Rb8 b2 54. a5
Be5 55. Rb7 Rg8 56. Ba4+ Kd6 57. Bc2 Bd4 58. Rd7+ Kxe6 59. Rxd4 1-0

[Event "DVM U16 2012"]
[Site "Naumburg (Saale) GER"]
[Date "2012.12.28"]
[Round "4"]
[White "Knopf, Felix"]
[Black "Hinrichs, Lars"]
[Result "0-1"]
[Termination "normal"]
[Board "5.1"]
[WhiteElo "1853"]
[BlackElo "1947"]
[WhiteTeam "SV Merseburg"]
[BlackTeam "Hamburger SK von 1830"]
[WhiteFideId "24692204"]
[BlackFideId "12921769"]
[EventCountry "GER"]
[EventRounds "7"]
[EventType "team-swiss"]
[EventDate "2012.12.26"]

1. d4 d5 2. c4 Nc6 3. Bf4 Nf6 4. Nc3 a6 5. e3 Bf5 6. Qb3 e5 7. dxe5 Nb4 8. Rc1
Ne4 9. Nxe4 dxe4 10. Rd1 Nd3+ 11. Bxd3 exd3 12. f3 c6 13. e4 Qa5+ 14. Kf1 Be6
15. Qxb7 Rc8 16. Rxd3 Qxa2 17. b3 Bc5 18. Be3 Bxe3 19. Rxe3 O-O 20. Re2 Qb1+
21. Re1 Qd3+ 22. Kf2 Rb8 23. Qxa6 Rxb3 24. Qa7 Bxc4 25. Nh3 Qd2+ 26. Kg3 Be6
27. Rd1 Qh6 28. Rb1 Rc3 29. Ng1 Rc2 30. Nh3 g5 31. f4 Qh4+ 32. Kf3 Qg4+ 0-1

[Event "DVM U16 2012"]
[Site "Naumburg (Saale) GER"]
[Date "2012.12.28"]
[Round "4"]
[White "Grötzbach, Daniel"]
[Black "Feuerherdt, Martin"]
[Result "1-0"]
[Termination "normal"]
[Board "5.2"]
[WhiteElo "1899"]
[BlackElo "1803"]
[WhiteTeam "Hamburger SK von 1830"]
[BlackTeam "SV Merseburg"]
[WhiteFideId "24692166"]
[BlackFideId "12910341"]
[EventCountry "GER"]
[EventRounds "7"]
[EventType "team-swiss"]
[EventDate "2012.12.26"]

1. e4 e5 2. Nf3 Nc6 3. Bb5 a6 4. Ba4 Nf6 5. O-O b5 6. Bb3 Be7 7. Re1 O-O 8. h3
d6 9. c3 Bb7 10. d4 exd4 11. cxd4 d5 12. e5 Ne4 13. Nc3 Nxc3 14. bxc3 Na5 15.
Bc2 Nc4 16. Qd3 g6 17. Nh2 Bc8 18. Ng4 Bxg4 19. hxg4 Re8 20. f4 Ba3 21. Qh3
Bxc1 22. Raxc1 a5 23. Kf2 Kg7 24. Rh1 Rh8 25. Qh6+ Kg8 26. f5 Qf8 27. Qg5 Ra6
28. Rh6 f6 29. Qf4 fxe5 30. dxe5 Nxe5 31. Qxe5 Qxh6 32. Qxd5+ Kg7 33. Qd7+ Kf8
34. Qd8+ Kg7 35. Qe7+ Kg8 36. Bb3+ 1-0

[Event "DVM U16 2012"]
[Site "Naumburg (Saale) GER"]
[Date "2012.12.28"]
[Round "4"]
[White "Hoffmann, Dustin"]
[Black "Sander, Jean Louis"]
[Result "1-0"]
[Termination "normal"]
[Board "5.3"]
[WhiteElo "1706"]
[BlackElo "1800"]
[WhiteTeam "SV Merseburg"]
[BlackTeam "Hamburger SK von 1830"]
[WhiteFideId "1270566"]
[BlackFideId "12903280"]
[EventCountry "GER"]
[EventRounds "7"]
[EventType "team-swiss"]
[EventDate "2012.12.26"]

1. e4 c5 2. Nf3 d6 3. d4 cxd4 4. Nxd4 Nf6 5. Nc3 a6 6. Be3 e5 7. Nb3 Be7 8. Be2
Be6 9. O-O O-O 10. Kh1 b5 11. a3 Nbd7 12. f4 Rc8 13. f5 Bc4 14. Rf3 Nb6 15. Rg3
Re8 16. Bh6 Bf8 17. Qd2 Kh8 18. Bg5 h6 19. Rh3 Kg8 20. Bh4 d5 21. exd5 Bxd5 22.
Rd3 Rxc3 23. bxc3 Qa8 24. Bxf6 gxf6 25. Rg3+ Kh7 26. Bh5 Nc4 27. Qe2 Nd6 28.
Qg4 1-0

[Event "DVM U16 2012"]
[Site "Naumburg (Saale) GER"]
[Date "2012.12.28"]
[Round "4"]
[White "Elbracht, Michael"]
[Black "Jacob, Hannes"]
[Result "1/2-1/2"]
[Termination "normal"]
[Board "5.4"]
[WhiteElo "1600"]
[BlackElo "1659"]
[WhiteTeam "Hamburger SK von 1830"]
[BlackTeam "SV Merseburg"]
[WhiteFideId "12945595"]
[BlackFideId "12910350"]
[EventCountry "GER"]
[EventRounds "7"]
[EventType "team-swiss"]
[EventDate "2012.12.26"]

1. e4 e5 2. Nf3 Nc6 3. d4 exd4 4. Nxd4 Bc5 5. Be3 Bxd4 6. Bxd4 Nf6 7. Nc3 d6 8.
Bc4 O-O 9. O-O Re8 10. f3 Ne5 11. Bb3 Ng6 12. Nb5 Nd7 13. Be3 a6 14. Nc3 Nde5
15. Ne2 Qh4 16. Qe1 Qf6 17. Qg3 h6 18. f4 Nc6 19. e5 Qf5 20. Nd4 Nxd4 21. Bxd4
Be6 22. Bxe6 Rxe6 23. exd6 Rxd6 24. c3 Re8 25. Rae1 Rde6 26. Rxe6 Rxe6 27. Qf3
Re4 28. g3 c5 29. Be3 Re7 30. Qf2 Qg4 31. Qf3 Qf5 32. Qf2 Qg4 33. Qf3 1/2-1/2

[Event "DVM U16 2012"]
[Site "Naumburg (Saale) GER"]
[Date "2012.12.28"]
[Round "4"]
[White "Xiong, Ferdinand"]
[Black "Noe, Christopher"]
[Result "1/2-1/2"]
[Termination "normal"]
[Board "6.1"]
[WhiteElo "2002"]
[BlackElo "2197"]
[WhiteTeam "SC Vaterstetten"]
[BlackTeam "SC Eppingen"]
[WhiteFideId "24654132"]
[BlackFideId "24692018"]
[EventCountry "GER"]
[EventRounds "7"]
[EventType "team-swiss"]
[EventDate "2012.12.26"]

1. e4 c5 2. Nf3 e6 3. d4 cxd4 4. Nxd4 a6 5. Nc3 d6 6. Bc4 Nf6 7. O-O Be7 8. f4
Qc7 9. Bb3 O-O 10. f5 e5 11. Nde2 Nc6 12. Bg5 b5 13. Bxf6 Bxf6 14. Nd5 Qd8 15.
a4 Rb8 16. c3 Na5 17. axb5 Nxb3 18. Qxb3 Rxb5 19. Qa3 Bg5 20. c4 Rb8 21. Rad1
Bb7 22. Nec3 Qc8 23. Qa2 Qc5+ 1/2-1/2

[Event "DVM U16 2012"]
[Site "Naumburg (Saale) GER"]
[Date "2012.12.28"]
[Round "4"]
[White "Hahn, Cedric"]
[Black "Nitsche-Hahn, Raphael"]
[Result "1-0"]
[Termination "normal"]
[Board "6.2"]
[WhiteElo "1665"]
[BlackElo "1927"]
[WhiteTeam "SC Eppingen"]
[BlackTeam "SC Vaterstetten"]
[WhiteFideId "12910538"]
[BlackFideId "4613120"]
[EventCountry "GER"]
[EventRounds "7"]
[EventType "team-swiss"]
[EventDate "2012.12.26"]

1. d4 Nf6 2. Nf3 e6 3. e3 b6 4. Be2 Be7 5. O-O O-O 6. Nbd2 Bb7 7. c3 c5 8. dxc5
bxc5 9. c4 d5 10. cxd5 exd5 11. b3 Nc6 12. Bb2 Rc8 13. Ne5 Qc7 14. Ndf3 Bd6 15.
Nxc6 Bxc6 16. Bxf6 gxf6 17. g3 Kh8 18. Nh4 Rg8 19. Bf3 Rg5 20. Bg2 d4 21. exd4
Bxg2 22. Nxg2 cxd4 23. Qd2 Qb6 24. Rac1 Rd8 25. Rfd1 Bb4 26. Qd3 Rc5 27. Rc4
Bc3 28. Nf4 Re8 29. Ne2 Rce5 30. Nxc3 Re1+ 31. Rxe1 Rxe1+ 32. Kg2 Qb7+ 33. Kh3
dxc3 34. Qd8+ 1-0